000 00777cam a22002297a 4500
001 15173087
005 20250317191611.0
008 080117s2007 fr a b i000 0 eng d
020 _a9789264041264
020 _a9264041265
050 0 0 _aHN18.3
_b.M63 2007
245 0 0 _aModernising social policy for the new life course.
260 _aParis :
_bOECD,
_cc2007.
300 _a221 p. :
_bill. ;
_c27 cm.
500 _a"This report has been prepared by Anna Cristina D'Addio and Peter Whiteford"--Foreword.
650 0 _aSocial planning
_zOECD countries.
700 1 _aD'Addio, Anna Cristina.
700 1 _aWhiteford, Peter.
710 2 _aOrganisation for Economic Co-operation and Development.
856 4 1 _uhttp://www.sourceoecd.org/9789264041264
942 _2lcc
_cBK
_n0
999 _c4914
_d4914